| 000 | 00625nam a2200217Ia 4500 | ||
|---|---|---|---|
| 003 | GCL | ||
| 008 | 140319s9999 xx 000 0 ara d | ||
| 040 |
_aGCL / _cGCL |
||
| 082 | 0 | 4 |
_a191 _bز م |
| 100 | 1 | _aزكريا ابراهيم | |
| 245 | 1 | 0 |
_aمشكلة الحب (هدية من مكتبة الاديب عبدالفتاح الجمل) / _cزكريا ابراهيم |
| 300 | _a352 ص | ||
| 490 |
_aمشكلات فلسفية _v0 |
||
| 650 | 0 | 4 | _aالفلسفة |
| 650 | 0 | 4 | _aالعبادات |
| 650 | 0 | 4 | _aالانا |
| 650 | 0 | 4 | _aالحب |
| 650 | 0 | 4 | _aالصداقة |
| 650 | 0 | 4 | _aالمحبة |
| 942 |
_2ddc _cBK |
||
| 999 |
_c38195 _d38195 |
||